Second language acquisition : (Record no. 1898)

000 -LEADER
fixed length control field 00746cam a2200277 i 4500
001 - CONTROL NUMBER
control field 830937
003 - CONTROL NUMBER IDENTIFIER
control field OSt
005 - DATE AND TIME OF LATEST TRANSACTION
control field 20150629125913.0
008 - FIXED-LENGTH DATA ELEMENTS--GENERAL INFORMATION
fixed length control field 770520s1978 mau b 000 0 eng
010 ## - LIBRARY OF CONGRESS CONTROL NUMBER
LC control number 77009335
020 ## - INTERNATIONAL STANDARD BOOK NUMBER
International Standard Book Number 9780194372121
040 ## - CATALOGING SOURCE
Original cataloging agency DLC
Transcribing agency DLC
Modifying agency DLC
050 00 - LIBRARY OF CONGRESS CALL NUMBER
Classification number PB36.E45 1997
Item number
082 00 - DEWEY DECIMAL CLASSIFICATION NUMBER
Classification number 401
100 ## - MAIN ENTRY--PERSONAL NAME
Personal name Ellis, Rod
245 00 - TITLE STATEMENT
Title Second language acquisition :
Statement of responsibility, etc Ellis Rod
260 ## - PUBLICATION, DISTRIBUTION, ETC. (IMPRINT)
Place of publication, distribution, etc Oxford
Name of publisher, distributor, etc Oxford University Press
Date of publication, distribution, etc 1997
300 ## - PHYSICAL DESCRIPTION
Extent vii,147p.
Dimensions 23 cm.
504 ## - BIBLIOGRAPHY, ETC. NOTE
Bibliography, etc Bibliography: p. 475-483.
650 #0 - SUBJECT ADDED ENTRY--TOPICAL TERM
Topical term or geographic name as entry element Languages, Modern
General subdivision Study and teaching.
650 #0 - SUBJECT ADDED ENTRY--TOPICAL TERM
Topical term or geographic name as entry element Children
General subdivision Language.
650 #0 - SUBJECT ADDED ENTRY--TOPICAL TERM
Topical term or geographic name as entry element Bilingualism.
700 1# - ADDED ENTRY--PERSONAL NAME
Personal name
906 ## - LOCAL DATA ELEMENT F, LDF (RLIN)
a 7
b cbc
c orignew
d 1
e ocip
f 19
g y-gencatlg
942 ## - ADDED ENTRY ELEMENTS (KOHA)
Source of classification or shelving scheme
Koha item type Book
Holdings
Withdrawn status Lost status Source of classification or shelving scheme Damaged status Not for loan Home library Current library Shelving location Date acquired Total Checkouts Full call number Barcode Date last seen Copy number Price effective from Koha item type Total Renewals Date checked out
          Riara University Library Riara University Library General stack 29/06/2015   PB 36 .E45 1997 6429/15 21/07/2015 C.1 29/06/2015 Book    
          Riara University Library Riara University Library General stack 29/06/2015   PB 36 .E45 1997 6430/15 29/06/2015 C.2 29/06/2015 Book    
          Riara University Library Riara University Library General stack 29/06/2015 2 PB 36 .E45 1997 6431/15 10/08/2016 C.3 29/06/2015 Book 2 22/07/2016

Riara University Library,
P.O. Box 49940-00100,
Nairobi, Kenya.